[Event "St Petersburg Autumn op"]
[Site "St Petersburg"]
[Date "2010.10.19"]
[Round "4"]
[White "Kopasov, Evgeny Aleksandrovi"]
[Black "Pukhovskaya, Irina"]
[Result "1-0"]
[WhiteElo "2086"]
[BlackElo "1756"]
[PlyCount "37"]
[EventDate "2010.10.16"]
[EventType "swiss"]
[EventRounds "9"]
[EventCountry "RUS"]
[SourceTitle "EXT 2011"]
[Source "ChessBase"]
[SourceDate "2010.11.26"]
[SourceVersion "1"]
[SourceVersionDate "2010.11.26"]
[SourceQuality "1"]

1. d4 d5 2. c4 c6 3. Nf3 Nf6 4. Nc3 e6 5. Bg5 Nbd7 6. cxd5 exd5 7. e3 Be7 8. Bd3 h6 9. Bf4 Nb6 10. Qc2 Bd6 11. Bxd6 Qxd6 12. h3 Be6 13. Ne5 Nfd7 14. f4 f6 15. Ng6 Rg8 16. 0-0 Bf7 17. Rfe1 0-0-0 18. Nb5 Qe6 19. f5 1-0